000 00691nam a2200205 i 4500
001 186712
003 ES-MaACL
005 20230906222729.0
008 170208s1909 sp |||| | spa d
080 _a821.134.2-32"18"
100 1 _aTrigo, Felipe.
_9111409
245 1 0 _aAsí paga el diablo... :
_bnovela /
_cde Felipe Trigo ; ilustraciones de Juan Francés.
260 _aMadrid :
_bLos Contemporáneos,
_c1909.
300 _a[20] p. :
_bil. ;
_c27 cm.
490 1 _aLos contemporáneos ;
_vaño 1, n. 36
700 1 _aFrancés, Juan
_c, ilustrador.
_952142
830 0 _aLos contemporáneos ;
_vaño 1, n. 36
_9185715
852 _aES-MaACL
_jR-2597(9)
999 _c186712
_d186712